The new Penguin dictionary of computing

Bibliographic Details
Main Author: POUNTAIN
Format: Book
Published: London : Penguin , 2001
Subjects:

MARC

LEADER 00000cam a2200000 7i4500
001 0000002101
005 20021014.0
020 0 0 |a 0140514376 
090 0 0 |a R004.03   |b POU 2001 
100 1 0 |a POUNTAIN   |h Dick 
245 1 4 |a The new Penguin dictionary of computing   |c Dick Pountain 
260 0 0 |a London :   |b Penguin ,   |c 2001 
300 |a 563 p. :   |b ill. ;   |c 24 cm. 
650 0 0 |a Computer science   |x Dictionaries 
650 0 0 |a Electronic data processing   |x Dictionaries 
650 0 0 |a Electronic digital computers   |x Dictionaries 
998 |a JPSM 
999 |a 0000003501   |b Monograph   |c Reference   |e Default branch